000 00282nam a22001217a 4500
008 181122b xxu||||| |||| 00| 0 eng d
041 _aeng
080 _a821
100 _a25
101 _aGJU
245 _aWebster Third New International Dictionary
_cjames.k
942 _2udc
_cBK
999 _c52317
_d52317